| 000 | 00878nam a2200253Ia 4500 | ||
|---|---|---|---|
| 003 | OSt | ||
| 005 | 20220927104110.0 | ||
| 006 | a|||||r|||| 00| 0 | ||
| 007 | ta | ||
| 008 | 220926b |||||||| |||| 00| 0 eng d | ||
| 024 | _a87557 | ||
| 037 | _cReference Collections | ||
| 040 |
_aRTL _cRTL _beng |
||
| 041 |
_2eng _aeng |
||
| 082 | _a"X9(HZ).1.N8, M6/UN" | ||
| 110 |
_a"United Nations,International Economic And Social Affairs(deptt of-)" _9363621 |
||
| 245 | 0 | _aMethodologies for assessing the impact of deep sea-bed minerals on the world economy | |
| 260 |
_aNew _bYork United Nations USA _c1986 |
||
| 300 |
_a153p. _ccm. |
||
| 650 |
_aMinings _9363622 |
||
| 700 |
_a"United Nations,International Economic And Social Affairs(deptt of-)" _9363623 |
||
| 942 |
_h"X9(HZ).1.N8, M6/UN" _cCC |
||
| 999 |
_c685826 _d685826 |
||